000 00968nam a22001937a 4500
005 20250801120859.0
010 _aHIN-130102
020 _a9789352221370
_c995.00
035 _aHN-102448
037 _bDBAD
082 _a823.08
100 _aगुप्ता, सोनिया
_983576
245 _aविष्णु प्रभाकर के उपन्यासों में नारी/
_cसोनिया गुप्ता
250 _aप्रथम
260 _aदरियागंज, नई दिल्ली
_bस्कॉलर वर्ल्ड एस्ट्रोल इंटरनेशनल (प्रा.) लिमिटेड की इकाई
270 _a4736/23, अंसारी रोड, दरियागंज, नई दिल्ली
_bनई दिल्ली
_e110002
300 _a187पृ.
_c24सेमी(सजिल्द)
942 _2ddc
_cHN
_h823.08
_mगुप्ता
999 _c212780
_d212780